000
00325nam a2200121Ia 4500
008
190722s9999 xx 000 0 und d
020
_a
978-81-265-3131-8
100
_a
Uma Sekaran
245
0
_a
Research Methods for Business a Skill Building approach
260
_a
New Delhi
_b
John Wiley
_c
2014
300
_a
468
942
_c
BK
999
_c
739
_d
739